Sports Quiz

Random Sports or Basketball Quiz

NCAAB Top 3 Scorers By Championship Team Quiz Stats

 Plays Quiz not verified by Sporcle

Score 0/36 Timer 06:00
0 Plays Today
Team Player % Correct
2005-06 Florida GatorsJoakim Noah
95.5%
2002-03 Syracuse OrangeCarmelo Anthony
92.1%
2000-01 Duke Blue DevilsJay Williams
87%
2004-05 North Carolina Tar HeelsJawad Williams
87%
2006-07 Florida GatorsAl Horford
85.1%
2008-09 North Carolina Tar HeelsTyler Hansbrough
82.7%
2003-04 Connecticut HuskiesEmeka Okafor
82.3%
2005-06 Florida GatorsCorey Brewer
78.5%
2006-07 Florida GatorsCorey Brewer
78.5%
2009-10 Duke Blue DevilsKyle Singler
77.5%
2001-02 Maryland TerrapinsJuan Dixon
77%
2004-05 North Carolina Tar HeelsSean May
75.7%
1998-99 Connecticut HuskiesRichard Hamilton
75.5%
2007-08 Kansas JayhawksMario Chalmers
72.4%
2009-10 Duke Blue DevilsNolan Smith
71.5%
2000-01 Duke Blue DevilsShane Battier
69.7%
2008-09 North Carolina Tar HeelsTy Lawson
68.9%
2003-04 Connecticut HuskiesBen Gordon
67.9%
Team Player % Correct
2002-03 Syracuse OrangeHakim Warrick
64.4%
2009-10 Duke Blue DevilsJon Scheyer
62.8%
2005-06 Florida GatorsTaurean Green
61.2%
2006-07 Florida GatorsTaureen Green
60.9%
2002-03 Syracuse OrangeGerry McNamara
57.3%
2008-09 North Carolina Tar HeelsWayne Ellington
56.9%
2004-05 North Carolina Tar HeelsRashad McCants
54.7%
2007-08 Kansas JayhawksBrandon Rush
51.6%
1999-00 Michigan State SpartansMorris Peterson
48.7%
2001-02 Maryland TerrapinsChris Wilcox
48.4%
2000-01 Duke Blue DevilsMike Dunleavy
47.8%
2001-02 Maryland TerrapinsLonny Baxter
44.1%
1998-99 Connecticut HuskiesKhalid El-Amin
41.6%
2007-08 Kansas JayhawksDarrell Arthur
31.9%
1999-00 Michigan State SpartansCharlie Bell
25.8%
2003-04 Connecticut HuskiesRashad Anderson
22.9%
1999-00 Michigan State SpartansAndre Hutson
8.6%
1998-99 Connecticut HuskiesKevin Freeman
8.2%

You're not logged in!

Compare scores with friends on all Sporcle quizzes.
OR
Log In

Show Comments

Extras

Top Quizzes Today


Score Distribution

Your Account Isn't Verified!

In order to create a playlist on Sporcle, you need to verify the email address you used during registration. Go to your Sporcle Settings to finish the process.

Report this User

Report this user for behavior that violates our Community Guidelines.

Details: